000 00732nam a22002297a 4500
005 20250415122519.0
008 250415b |||||||| |||| 00| 0 eng d
020 _a978-1-032-88095-2 (hbk)
037 _cTB
040 _aCRL
_cCRL
041 _2eng
_aeng
084 _aS:(Y15) R4
_qCRL
100 _aVindhya, U.
_9752289
245 _aFeminist psychologies:
_bidentities, relations, and well-being in India
260 _aLondon, UK:
_bRoutledge,
_c2024.
300 _avii, 192p.
365 _b1295.00
_cINR
650 _aFeminism
650 _aPsychology
942 _2CC
_cTB
_hS:(Y15) R4
_n0
999 _c1309003
_d1309003